Представление документа в формате MARC21

ПолеНазваниеЗначение
  Тип записи a
  Библиографический уровень m
001 Контрольный номер RU\infra-m\znanium\bibl\2226991
005 Дата корректировки 20260429142110.7
008 Кодируемые данные 250923s2025 RU g rus u
020 Индекс ISBN __
a ISBN 978-5-9729-2338-0
040 Источник каталогиз. __
a Служба первич. каталог. Общество с ограниченной ответственностью «ЗНАНИУМ»
041 Код языка издания __
a Код языка текста rus
044 Код страны публикации __
a Код страны публикации RU
080 Индекс УДК __
a Индекс УДК 536
084 Индекс другой классификации/Индекс ББК __
2 Источник индекса rubbk
a Индекс другой классификации/Индекс ББК 313
084 Индекс другой классификации/Индекс ББК __
2 Источник индекса okso
a Индекс другой классификации/Индекс ББК 13.03.01
100 Автор __
a Автор Малышев В.С.
q Полное имя Малышев Владимир Сергеевич
u Дополнение Мурманский арктический университет
245 Заглавие __
a Заглавие Энергосбережение в теплоэнергетике и теплотехнологии
b Продолж. заглавия Учебное пособие
c Ответственность Мурманский арктический университет
250 Сведения об издании __
a Основные сведения об издании 1
260 Выходные данные __
a Место издания Вологда
b Издательство Инфра-Инженерия
c Дата издания 2025
300 Физическое описание __
a Объем 276 с.
520 Аннотация __
a Аннотация Рассмотрено состояние энергоэффективности в России показаны мероприятия направленные на достижение нулевого энергетического баланса здания. Освещена тема возобновляемой энергетики. Изложены основные темы предусмотренные рабочей программой применительно к самостоятельному изучению дисциплины и подготовки к практическим занятиям. Приведен перечень примеров и задач решаемых в контрольной работе по вариантам с методическими указаниями для их решения. Рассмотрены типичные задания на расчетно-графические работы по вариантам и методические указания к их выполнению. Включены приложения с материалами которые необходимы для решения задач на практических занятиях для выполнения контрольной работы и при выполнении расчетно-графических работ. Для студентов обучающихся по направлению подготовки 13.03.01 «Теплоэнергетика и теплотехника».
521 Примеч. о цел. назн. __
a Примеч. о целев. назн. ВО - Бакалавриат
650 Тематические рубрики __
a Основная рубрика Промышленность. Энергетика
x Основная подрубрика Теплоэнергетика. Теплотехника
655 Указ. предметных рубрик (устаревшее) __
a Жанр/ форма (устаревшее) Учебное пособие
700 Другие авторы __
a Другие авторы Пантилеев С.П.
q Полное имя Пантилеев Сергей Петрович
u Дополнение Мурманский арктический университет
856 Электронный адрес документа 4_
a Имя сервера/домена znanium.ru
m Помощь ebs_support@infra-m.ru
n Местонахождение сервера НИЦ ИНФРА-М
u URL https://znanium.ru/catalog/document?id=470316
856 Электронный адрес документа 48
a Имя сервера/домена znanium.ru
d Путь /cover/2226
f Электронное имя 2226991.jpg
q Тип электронного формата image/jpeg
u URL https://znanium.ru/cover/2226/2226991.jpg
911 __
u 0030=https://znanium.ru/catalog/document?id=470316